000 01327cam a22003733a 4500
001 1198
005 20231124103603.0
020 _a9780439793957
040 _aBKX
_cBKX
_dBAKER
_dDLC
_dDLC
_beng
050 0 0 _aPZ7.P915
082 0 4 _a543
_222
100 1 _aPreller, James
245 1 4 _aThe case of the snowboarding superstar /
_cby James Preller ; illustrated by Jamie Smith ; cover illustration by R.W. Alley.
250 _aFirst printing, January 2006
260 _aNew York :
_bScholastic,
_c2006
300 _a71 pages :
_billustrations ;
_c20 cm
490 1 _aJigsaw Jones mystery ;
_vBook 29
500 _a"A Little Apple paperback."
505 _aH
520 _aJigsaw Jones tries to find a missing good luck charm while on a winter vacation.
521 0 _a430
_bLexile
521 1 _aH
_bLexile
650 0 _aPrivate investigators
_vJuvenile fiction.
650 0 _aSchool children
_xFood
_vJuvenile fiction.
650 0 _aSchools
_vJuvenile fiction.
650 1 _aPrivate investigators
_vFiction.
650 1 _aSchools
_vFiction.
650 1 _aLost and found possessions
_vFiction.
650 1 _aMystery and detective stories.
655 7 _aMystery fiction.
_2gsafd
700 1 _aSmith, Jamie
_d1971-
_eillustrator
906 _a7
_bcbc
_ccopycat
_d2
_encip
_f20
_gy-gencatlg
942 _2ddc
_cBK
_n0
999 _c1198
_d1198